000 01081nam a22002657a 4500
005 20240530110948.0
008 221019s2021 ua bh f b 000 0 ara d
017 _a2021/26105
_bمصر. دار الكتب
020 _a978977344485
040 _aEG-CaGPL
_cEG-CaGPL
082 0 4 _221
_a916.216
_bق/م ش
100 0 _aمحمد الششتاوى
245 1 0 _aشارع المعز لدين الله :
_bالشارع الاعظم للقاهرة القديمة : سيرتة اسواقة اثارة /
_cتاليف محمد الششتاوى
250 _aالاولى
260 _aالقاهرة :
_bدار الافاق العربية،
_c2021.
300 _a2 مج. :
_bايض ؛
_c24 سم.
504 _aيشتمل على ارجاعات ببليوجرافية
650 0 7 _2qrmak
_aالطرق
650 0 7 _2qrmak
_aالشوارع
_xتخطيط
651 0 7 _2qrmak
_aالقاهرة
_xوصف ورحلات
651 0 7 _2qrmak
_aالقاهرة
_xالشوارع
653 0 _aشارع المعز لدين الله
942 _2ddc
_cBK
999 _c66951
_d66951